[Event "Quebec-ch U20 Girls"]
[Site "Montreal"]
[Date "2016.02.14"]
[Round "4.3"]
[White "Tsypin, Allison"]
[Black "Shi, Linda"]
[Result "0-1"]
[WhiteElo "1512"]
[BlackElo "1803"]
[PlyCount "130"]
[EventDate "2016.02.12"]
[EventType "tourn"]
[EventRounds "5"]
[EventCountry "CAN"]
[SourceTitle "EXT 2022"]
[Source "ChessBase"]
[SourceDate "2021.10.06"]
[SourceVersion "1"]
[SourceVersionDate "2021.10.06"]
[SourceQuality "1"]

1. e4 c5 2. Nf3 Nc6 3. Bb5 d6 4. c4 g6 5. Bxc6+ bxc6 6. d4 Bg7 7. dxc5 Qa5+ 8. Nbd2 Qxc5 9. Rb1 Nf6 10. b4 Qb6 11. 0-0 0-0 12. Bb2 Qc7 13. Re1 Rb8 14. a3 Bd7 15. Qe2 Rfe8 16. Bc3 Nh5 17. Bxg7 Nxg7 18. Qe3 a5 19. Qc3 axb4 20. axb4 Ra8 21. Ra1 Qb7 22. h3 Ne6 23. Kh2 Nf4 24. Qe3 e5 25. Qc3 Rxa1 26. Rxa1 Rb8 27. Rb1 Qc8 28. Ng1 f5 29. Qf3 Qf8 30. Ne2 fxe4 31. Nxe4 Nxe2 32. Qxe2 Bf5 33. Rb2 d5 34. cxd5 cxd5 35. Ng3 e4 36. Nxf5 gxf5 37. Qd2 Qd8 38. Qf4 Qf8 39. Qd2 Qd6+ 40. Kg1 h6 41. Qd4 Rc8 42. Rb1 Rc4 43. Qd2 d4 44. Qa2 Qd5 45. Qd2 d3 46. Qxh6 d2 47. Qg6+ Kf8 48. Qf6+ Ke8 49. Qh8+ Kd7 50. Qg7+ Kc6 51. b5+ Kb6 52. Qf6+ Kc5 53. Qf8+ Kd4 54. Qf6+ Kc5 55. Qf8+ Kb6 56. Qf6+ Kb7 57. Qg7+ Rc7 58. Qa1 Qc5 59. Qa6+ Kb8 60. Kh2 Qe5+ 61. g3 Qd4 62. Kg2 d1Q 63. Rxd1 Qxd1 64. Qb6+ Rb7 65. Qc6 Qd7 0-1

[Event "Quebec-ch U20 Girls"]
[Site "Montreal"]
[Date "2016.02.12"]
[Round "1.2"]
[White "Kuleshova, Julia"]
[Black "Shi, Linda"]
[Result "0-1"]
[WhiteElo "1534"]
[BlackElo "1803"]
[PlyCount "74"]
[EventDate "2016.02.12"]
[EventType "tourn"]
[EventRounds "5"]
[EventCountry "CAN"]
[SourceTitle "EXT 2022"]
[Source "ChessBase"]
[SourceDate "2021.10.06"]
[SourceVersion "1"]
[SourceVersionDate "2021.10.06"]
[SourceQuality "1"]

1. e4 c5 2. Nf3 Nc6 3. d4 cxd4 4. Nxd4 Nf6 5. Nc3 d6 6. Be3 Bd7 7. f3 a6 8. Qd2 e6 9. 0-0-0 Be7 10. g4 b5 11. g5 Nh5 12. h4 Ng3 13. Rh2 Nxf1 14. Rxf1 Ne5 15. f4 Nc4 16. Qd3 Nxe3 17. Qxe3 b4 18. Nd1 Qa5 19. Kb1 d5 20. f5 e5 21. Nb3 Qb5 22. Re2 d4 23. Qd3 Qb6 24. c3 bxc3 25. bxc3 Ba4 26. c4 Rb8 27. Kc2 Qa5 28. Nb2 Bb4 29. Qg3 0-0 30. g6 fxg6 31. Ref2 Bxb3+ 32. axb3 Be1 33. Rxe1 Qxe1 34. Rg2 Qxg3 35. Rxg3 gxf5 36. exf5 Rxf5 37. Rg5 Rf2+ 0-1